000 01412cam a22002771ia4500
003 SA-RiAUC
005 20241231150857.0
008 241229s1996 pk g 000 0 ara c
040 _aSA-MaHRM
_bara
_cSA-RiAUC
_erda
082 0 4 _a251.6
_qSA-RiAUC
090 _a251.6
_bا ب ن م
100 1 _aابن الملقن، عمر بن علي بن أحمد،
_d723-804 هجري
_eمؤلف.
245 1 2 _aالأشباه والنظائر /
_cأبو حفص سراج الدين عمر بن علي الأنصاري ؛ تحقيق ودراسة حمد بن عبد العزيز أحمد الخضيري.
250 _aالطبعة الأولى.
264 1 _aكراتشي، باكستان ؛
_aإسلام أباد :
_bمنشورات إدارة القرآن والعلوم الإسلامية،
_c[1996]
300 _a2 مجلد ؛
_c25 سم
336 _aنص
_btxt
_2rdacontent
_3كتاب
337 _aبدون وسيط
_bn
_2rdamedia
338 _aمجلد
_bnc
_2rdacarrier
650 7 _aالقواعد الفقهية
_2aucsh
650 7 _aأصول الفقه الإسلامي
_2aucsh
700 1 2 _iتحقيق لـ (عمل) :
_aابن الملقن، عمر بن علي بن أحمد،
_d723-804 هجري
_tالأشباه والنظائر
700 1 _aالخضيري، حمد بن عبد العزيز بن عبد الله،
_d1363 هجري-
_eمحقق.
942 _2ddc
_cBOOK
_n0
949 _aSA-JeALM
_d241229
_umohamedma123
_n1
999 _c4080
_d4080